Mots français terminés par AND - Statistiques

Statistiques générales
  • Ce quiz a été pris 93 fois
  • Le résultat moyen est 6 sur 20
Statistiques - réponses
Indice Mot % Correct
Teuton Allemand
79%
Belge Flamand
72%
Chêne en devenir Gland
67%
Oiseau aquatique Goëland
60%
Café accompagné Gourmand
54%
Il a son repaire Brigand
33%
Etat germain Land
32%
Question de temps Quand
29%
Bateau Chaland
27%
Laine d'Ecosse Shetland
27%
Homme du milieu Truand
24%
Parfois de sable Marchand
22%
Homme de métier Tisserand
21%
On y casse des pipes Stand
12%
Il fait son trou Normand
9%
Malouin célèbre Chateaubriand
8%
Nobel en 1926 Briand
3%
Lourde épée Brand
1%
Futur prêtre Ordinand
1%
En jette Répand
0%
Aucun quiz correspondant
Distribution des résultats
% des personnes avec chaque résultat
Percentile par nombre de réponses
Votre historique - résultats
Vous n’avez pas pris ce quiz